| 000 | 01189nam0a2200337 4500 | ||
|---|---|---|---|
| 001 | RU\NLR\BIBL_A\010544890 | ||
| 005 | 20260409070930.0 | ||
| 010 | _a978-5-91918-496-6 | ||
| 021 |
_aRU _b2014-73314 _94491 |
||
| 035 | _a(NLR Aleph) 010544890 | ||
| 035 | _a(NILC)RuMoRGB-007560094 | ||
| 090 |
_a10311608 _c10311608 |
||
| 100 | _a20141126d2014 k y0rusy50 ca | ||
| 101 | 0 | _arus | |
| 102 | _aRU | ||
| 105 | _aach|z||||01zy | ||
| 200 | 1 |
_aРазмышления на разные темы _fА. Е. Ермаков |
|
| 210 |
_aСанкт-Петербург _cРеноме _d2014 |
||
| 215 |
_a260 с. _cил., цв. ил., портр., факс. _d24 |
||
| 320 | _aБиблиогр.: с. 252-260 (193 назв.) | ||
| 333 | _a16+ | ||
| 606 |
_aЖизненный путь (филос.) _jПопулярные издания _3RU\NLR\AUTH\66442783 _91118491 |
||
| 686 | 1 | _aЮ216.23я9 | |
| 700 | 1 |
_aЕрмаков _bА. Е. _gАлександр Евгеньевич |
|
| 801 | 0 |
_aRU _bРГБ _c20141001 _gRCR |
|
| 801 | 1 |
_aRU _bРГБ _c20141001 _2rusmarc |
|
| 942 | _cBOOK | ||
| 980 | _aNBR | ||
| 980 | _aNB | ||